| 000 | 00768nam a22002177a 4500 | ||
|---|---|---|---|
| 999 |
_c14148 _d14148 |
||
| 003 | MIRAKIL | ||
| 005 | 20201105115141.0 | ||
| 008 | 201105b tu ||||| |||| 00| 0 tur d | ||
| 040 |
_aTR-AnCHP _btur _cTR-AnCHP |
||
| 082 |
_aATA 923.1561 _bC31s 1981 |
||
| 100 | 1 | _aCebesoy, Ali Fuad | |
| 245 |
_aSınıf arkadaşım Atatürk : _bOkul ve genç subaylık hatıraları/ _cAli Fuat Cebesoy. |
||
| 246 | _aOkul ve genç subaylık hatıraları | ||
| 260 |
_aİstanbul: _bİnkılap ve Aka Kitabevleri _c1981. _fAnka Ofset Basımevi. |
||
| 300 |
_a174 s.; _c19 sm. |
||
| 504 | _aDizin vardır. | ||
| 600 |
_aAtatürk, Mustafa Kemal _d1881-1938 |
||
| 600 | 1 | 4 |
_aCebesoy, Ali Fuad _d1882-1968 _94978 _xAnılar |
| 740 | _aOkul ve genç subaylık hatıraları | ||
| 942 |
_2ddc _cBKS |
||